Entrada Personal Name
Número de registros utilizados en: 1
001 - CONTROL NUMBER
- control field: 18035
003 - CONTROL NUMBER IDENTIFIER
- control field: DLC
005 - DATE AND TIME OF LATEST TRANSACTION
- control field: 20260422111448.0
008 - FIXED-LENGTH DATA ELEMENTS
- fixed length control field: 800721n| azannaabn |b aaa
010 ## - LIBRARY OF CONGRESS CONTROL NUMBER
- LC control number: n 50034372
024 7# - OTHER STANDARD IDENTIFIER
- Standard number or code: 0000000092429488
- Source of number or code: isni
035 ## - SYSTEM CONTROL NUMBER
- System control number: (OCoLC)oca00069695
040 ## - CATALOGING SOURCE
- Original cataloging agency: DLC
- Language of cataloging: spa
- Description conventions: rda
- Transcribing agency: Mx-PuUPA
- Modifying agency: DLC
- Modifying agency: CSt-HC
- Modifying agency: OCoLC
- Modifying agency: DLC
- Modifying agency: NL-TiUL
- Modifying agency: Mx-PuUPA
046 ## - SPECIAL CODED DATES
- Birth date: 18721207
- Death date: 19450201
- Source of date scheme: edtf
100 1# - HEADING--PERSONAL NAME
- Personal name: Huizinga, Johan,
- Dates associated with a name: 1872-1945
370 ## - ASSOCIATED PLACE
- Place of birth: Groningen (Países Bajos)
- Place of death: De Steeg (Países Bajos)
- Source of term: naf
372 ## - FIELD OF ACTIVITY
- Field of activity: Civilización--Historia
- Source of term: lcsh
373 ## - ASSOCIATED GROUP
- Associated group: Universidad de Leiden
- Associated group: Universidad de Groninga, Gimnasio Praedinius
- Source of term: naf
374 ## - OCCUPATION
- Occupation: Historiador
- Occupation: Profesor de historia
- Occupation: Autor
- Source of term: lcsh
375 ## - GENDER
- Gender: hombre
377 ## - ASSOCIATED LANGUAGE
- Language code: eng
400 1# - SEE FROM TRACING--PERSONAL NAME
- Personal name: Huizinga, J.
- Fuller form of name: (Johan),
- Dates associated with a name: 1872-1945
400 1# - SEE FROM TRACING--PERSONAL NAME
- Personal name: Kheĭzinga, Ĭ.
- Fuller form of name: (Ĭokhan),
- Dates associated with a name: 1872-1945
400 1# - SEE FROM TRACING--PERSONAL NAME
- Personal name: Kheĭzinga, Ĭokhan,
- Dates associated with a name: 1872-1945
400 1# - SEE FROM TRACING--PERSONAL NAME
- Personal name: Huzinḥah, Yohan,
- Dates associated with a name: 1872-1945
400 1# - SEE FROM TRACING--PERSONAL NAME
- Personal name: הוזינחה, יוהאן
400 1# - SEE FROM TRACING--PERSONAL NAME
- Personal name: הויזינגה, יוהאן
400 1# - SEE FROM TRACING--PERSONAL NAME
- Personal name: هويزنجا، يوهان،
- Dates associated with a name: 1872-1945
670 ## - SOURCE DATA FOUND
- Source citation: Rechtsbronnen der stad Haarlem, 1911:
- Information found: t.p. (J. Huizinga)
670 ## - SOURCE DATA FOUND
- Source citation: Mensch en menigte in Amerika ... 1918.
670 ## - SOURCE DATA FOUND
- Source citation: Verspreide opstellen over de geschiedenis van Nederland, c1982:
- Information found: t.p. (J. Huizinga)
670 ## - SOURCE DATA FOUND
- Source citation: Tavrizi︠a︡n, G.M. O. Shpengler, Ĭ. Kheĭzinga, 1989:
- Information found: p. 6 (Ĭokhan Kheĭzinga)
670 ## - SOURCE DATA FOUND
- Source citation: Bi-setaṿ yeme-ha-benayim, c1977:
- Information found: t.p. (Yohan Huzinḥah)
670 ## - SOURCE DATA FOUND
- Source citation: Autumntide of the Middle Ages, c2020:
- Information found: t.p. (Johan Huizinga) back cover (Johan Huizinga; born 1872; died 1945; professor of history)
670 ## - SOURCE DATA FOUND
- Source citation: Hanssen, Léon. Homo ludens and no end, 2022
- Information found: t.p. (a bibliography of international reflections on Johan Huizinga's masterwork)
670 ## - SOURCE DATA FOUND
- Source citation: Wikipedia, viewed January 25, 2024
- Information found: (Johan Huizinga; born December 7, 1872 in Groningen, Netherlands; died February 1, 1945 in De Steeg, Netherlands; historian and one of the founders of modern cultural history; from 1915 to 1942 professor of general history at Leiden University)
- Uniform Resource Identifier: https://en.wikipedia.org/wiki/Johan_Huizinga